Histoire du drapeau de Maurice - Statistiques

Statistiques générales
  • Ce quiz a été pris 72 fois
    17 depuis la dernière actualisation
  • Le résultat moyen est 5 sur 8
Statistiques - réponses
Hint Réponse % Correct
Troisième drapeau de l'île de France (1792-1810)
100%
Maurice (drapeau actuel depuis 1968)
89%
Compagnie néerlandaise des Indes orientales (1666-1710)
78%
Deuxième drapeau de la colonie britannique de Maurice (1869-1906)
67%
Deuxième drapeau de l'île de France (1790-1792)
67%
Premier drapeau de l'île de France (1710-1790)
56%
Troisième drapeau de la colonie britannique de Maurice (1906-1968)
44%
Premiere drapeau de la colonie britannique de Maurice (1810-1869)
33%
Aucun quiz correspondant
Distribution des résultats
% des personnes avec chaque résultat
Percentile par nombre de réponses
Votre historique - résultats
Vous n’avez pas pris ce quiz depuis la dernière actualisation